Reproductive hazards in the workplace : (Record no. 1831)
[ view plain ]
| 000 -LEADER | |
|---|---|
| fixed length control field | 00573cam a2200169 a 4500 |
| 005 - DATE AND TIME OF LATEST TRANSACTION | |
| control field | 20250901165312.0 |
| 008 - FIXED-LENGTH DATA ELEMENTS--GENERAL INFORMATION | |
| fixed length control field | 910912s1993 nyua b 001 0 eng |
| 010 ## - LIBRARY OF CONGRESS CONTROL NUMBER | |
| LC control number | 91034582 |
| 020 ## - INTERNATIONAL STANDARD BOOK NUMBER | |
| International Standard Book Number | 1560241543 (acid free paper) |
| 050 00 - LIBRARY OF CONGRESS CALL NUMBER | |
| Classification number | RA1224.2 |
| Item number | .K46 1993b |
| 082 00 - DEWEY DECIMAL CLASSIFICATION NUMBER | |
| Classification number | 618.3052 |
| Edition information | 20 |
| 100 1# - MAIN ENTRY--PERSONAL NAME | |
| Personal name | Kenen, Regina. |
| 245 10 - TITLE STATEMENT | |
| Title | Reproductive hazards in the workplace : |
| Remainder of title | mending jobs, managing pregnancies / |
| Statement of responsibility, etc. | Regina Kenen. |
| 260 ## - PUBLICATION, DISTRIBUTION, ETC. | |
| Place of publication, distribution, etc. | New York : |
| Name of publisher, distributor, etc. | Haworth Press, |
| Date of publication, distribution, etc. | c1993. |
| 300 ## - PHYSICAL DESCRIPTION | |
| Extent | xvii, 306 p. : |
| Other physical details | ill. ; |
| Dimensions | 23 cm. |
| 942 ## - ADDED ENTRY ELEMENTS (KOHA) | |
| Source of classification or shelving scheme | Library of Congress Classification |
| Classification part | RA1224.2 .K46 1992 |
| Withdrawn status | Lost status | Source of classification or shelving scheme | Damaged status | Not for loan | Home library | Current library | Shelving location | Date acquired | Total checkouts | Full call number | Barcode | Date last seen | Price effective from | Koha item type |
|---|---|---|---|---|---|---|---|---|---|---|---|---|---|---|
| Library of Congress Classification | Main Library | Main Library | 03/08/2021 | RA1224.2 | .K46 1993b | PIU0008380 | 03/08/2021 | 03/08/2021 | Books |